000 00369 a2200157 4500
001 168667
020 _a
040 _cMagnum
100 _aCarsoso, Ruth (Org.)
240 1 0 _aA aventura antropologica: teoria e pesquisa
_lpor
245 1 0 _aA aventura antropologica: teoria e pesquisa
362 0 _a1899
440 1 _aPaz e Terra
697 _aGERAL
942 _cBK
999 _c168667
_d168667